000 00491cam a22001691 4500
005 20131111085520.0
008 730208s1960 maua 000 0 eng
041 0 _aeng
080 _a336.2
100 1 _aParkinson, C. Northcote
_q(Cyril Northcote),
_d1909-1993.
245 1 4 _aThe law and the profits.
_cIllustrated by Robert C. Osborn.
260 _aBoston,
_bHoughton Mifflin,
_c1960.
300 _a246 p.
_billus.
_c22 cm.
500 _aPreface : f. 7-8
650 0 _aTaksat
942 _2udc
_cBK
999 _c263
_d263